| 000 -CABECERA |
| Campo de control de longitud fija |
02149nam a22003137a 4500 |
| 003 - IDENTIFICADOR DEL NÚMERO DE CONTROL |
| Campo de control |
OSt |
| 005 - FECHA Y HORA DE LA ÚLTIMA TRANSACCIÓN |
| Campo de control |
20260424085601.0 |
| 008 - CÓDIGOS DE INFORMACIÓN DE LONGITUD FIJA |
| Campo de control de longitud fija |
260424t2010 xxu||||| |||| 00| 0 eng d |
| 020 ## - NÚMERO INTERNACIONAL NORMALIZADO PARA LIBROS (ISBN) |
| Número Internacional Normalizado para Libros (ISBN) |
9783642030109 |
| 020 ## - NÚMERO INTERNACIONAL NORMALIZADO PARA LIBROS (ISBN) |
| Número Internacional Normalizado para Libros (ISBN) |
9783642030093 |
| 040 ## - FUENTE DE LA CATALOGACIÓN |
| Centro catalogador de origen |
Unicoc |
| Lengua de catalogación |
spa |
| Centro que cataloga |
Bogotá (Dr. David Ordóñez Rueda) - Campus Norte |
| Centro modificador |
Bogotá (Dr. David Ordóñez Rueda) - Campus Norte |
| 082 ## - NÚMERO DE LA CLASIFICACIÓN DECIMAL DEWEY |
| Número de clasificación |
617.63 |
| 100 ## - PUNTO DE ACCESO PRINCIPAL - NOMBRE DE PERSONA |
| 9 (RLIN) |
13045 |
| Nombre de persona |
Dumitrescu, Alexandrina L. |
| 245 ## - MENCIÓN DE TÍTULO |
| Título |
Etiology and pathogenesis of periodontal disease |
| Mención de responsabilidad etc. |
/ Alexandrina L. Dumitrescu |
| 250 ## - MENCIÓN DE EDICIÓN |
| Mención de edición |
1 Ed. |
| 260 ## - PUBLICATION, DISTRIBUTION, ETC. (IMPRINT) |
| Lugar de publicación distribución etc. |
Alemania : |
| Nombre del editor distribuidor etc. |
Springer , |
| Fecha de publicación distribución etc. |
2010 |
| 300 ## - DESCRIPCIÓN FÍSICA |
| Extensión |
332 páginas |
| Otras características físicas |
Ilustraciones, diagramas, tablas, gráficas |
| 500 ## - NOTA GENERAL |
| Nota general |
Incluye Índice y referencias bibliográficas |
| 505 ## - NOTA DE CONTENIDO CON FORMATO |
| Título |
1. Etiology of Periodontal Disease: Dental Plaque and Calculus. -- |
| -- |
2. Periodontal Microbiology. -- |
| -- |
3. Particular Aspects of Periodontal Disease Pathogenesis. -- |
| -- |
4. Interrelationships Between Periodontal Disease and Mortality, Cardiovascular Disease, Metabolic Syndrome, Diabetes Mellitus. -- |
| -- |
5. Interrelationships Between Periodontal Disease and Adverse Pregnancy Outcomes, Respiratory Disease, Rheumatoid Arthritis, Renal Disease, Cancer, Inflammatory Bowel Disease, Alzheimer Disease; Assessing Confounding and Effect Modification. -- |
| -- |
6. Genetic Variability and Periodontal Disease. -- |
| -- |
7. Implication of Systemic Osteoporosis on Oral Health. -- |
| -- |
8. Psychological Pathways in the Pathogenesis of Periodontal Disease. -- |
| -- |
9. Periodontal-Restorative Interactions. -- |
| -- |
10. Endodontic and Periodontal Interrelationship. -- |
| -- |
11. Occlusal Considerations in Pathogenesis of Periodontal Disease. -- |
| -- |
12. Orthodontics and Periodontics. |
| 526 ## - NOTA DE INFORMACIÓN SOBRE EL PROGRAMA DE ESTUDIO |
| Institución que aplica el campo |
Unicoc |
| 546 ## - NOTA DE LENGUA |
| Nota de lengua |
Inglés |
| 650 #0 - PUNTO DE ACCESO ADICIONAL DE MATERIA - TÉRMINO DE MATERIA |
| 9 (RLIN) |
4194 |
| Término de materia o nombre geográfico como elemento inicial |
Enfermedades periodontales. |
| 650 #0 - PUNTO DE ACCESO ADICIONAL DE MATERIA - TÉRMINO DE MATERIA |
| 9 (RLIN) |
493 |
| Término de materia o nombre geográfico como elemento inicial |
Periodoncia |
| 650 #0 - PUNTO DE ACCESO ADICIONAL DE MATERIA - TÉRMINO DE MATERIA |
| 9 (RLIN) |
40 |
| Término de materia o nombre geográfico como elemento inicial |
Enfermedad Periodontal |
| Subdivisión de materia general |
Etiología y patogénesis |
| 650 #0 - PUNTO DE ACCESO ADICIONAL DE MATERIA - TÉRMINO DE MATERIA |
| 9 (RLIN) |
530 |
| Término de materia o nombre geográfico como elemento inicial |
Periodontitis |
| Subdivisión de materia general |
Correlación con otras enfermedades |
| 658 #0 - TÉRMINO DE INDIZACIÓN - OBJETIVO CURRICULAR |
| 9 (RLIN) |
8072 |
| Programa Académico |
Especialización en Periodoncia |
| 856 ## - LOCALIZACIÓN Y ACCESO ELECTRÓNICOS |
| Texto del enlace |
Acceso online exclusivo para comunidad Unicoc. |
| Identificador Uniforme del Recurso (URI) |
https://unicoceduco-my.sharepoint.com/:b:/g/personal/direccionbiblioteca_unicoc_edu_co/IQA_aiz8t95HQagxz-kr7roUAShm4pzrL0EJe18W_juwOoo?e=pZJuZz |
| 942 ## - ENTRADA PARA ELEMENTOS AGREGADOS (KOHA) |
| Fuente de clasificación o esquema de ordenación en estanterías |
|
| Koha [por defecto] tipo de item |
Libro electrónico |